| 000 | 00574nam a2200205 a 4500 | ||
|---|---|---|---|
| 005 | 20140414093847.0 | ||
| 008 | 110219s19uu xx uuu eng d | ||
| 020 | _a9781906345341 | ||
| 050 |
_aCDR 370.1 _bEXA 2010 |
||
| 100 | _aInternational Baccalaureate | ||
| 245 |
_aExamination paper and markscheme pack : _bMay 2010 examination session / _cInternational Baccalaureate. |
||
| 250 | _a2010 | ||
| 260 | _bIBO. | ||
| 650 | _aExamination | ||
| 650 | _aMarkscheme | ||
| 650 | _aInternational Baccalaureate | ||
| 942 | _cAVM | ||
| 999 |
_c109693 _d109693 |
||